| 000 | 00797nab a2200241 u 4500 | ||
|---|---|---|---|
| 001 | 14960 | ||
| 003 | HDC | ||
| 007 | cr bn ---aaaaa | ||
| 008 | 210216c20140714my dr|nes 0 a may d | ||
| 040 | _aHDC | ||
| 245 | 0 | _aSME Bank lulus pinjaman usahawan PKS RM1.3b | |
| 260 |
_aKuala Lumpur : _bThe New Straits Times Press (M) Bhd., _c2014 |
||
| 336 |
_atext _2rdacontent |
||
| 337 |
_acomputer _2rdamedia |
||
| 338 |
_aonline resource _2rdacarrier |
||
| 650 |
_aentrepreneur loan _915311 |
||
| 650 |
_aSME bank _zMalaysia _98445 |
||
| 710 | _aHarian Metro | ||
| 856 | _zRequest full-text at [email protected] | ||
| 942 | _2lcc | ||
| 942 | _cNEWS | ||
| 942 | _kNWSC 005672 | ||
| 999 |
_c12276 _d12276 |
||